000 00790nam a2200217Ia 4500
003 GCL
008 140319s9999 xx 000 0 ara d
040 _aGCL /
_cGCL
082 0 4 _a935
_bن ح
100 1 _aنجيب ميخائيل ابراهيم
245 1 0 _aحضارات الشرق القديم :
_bالعراق ، فارس /
_cنجيب ميخائيل ابراهيم
250 _aالثانية
260 _aالقاهرة :
_bدار المعارف ،
_c1967
300 _a509 ص:
_bايض ؛
_c24 سم
490 _aمصر و الشرق الادنى القديم
_v6
650 0 4 _aالاشوريون
650 0 4 _aحضارة العراق القديمة
650 0 4 _aالعراق القديم - تاريخ
650 0 4 _aايران القديم - تاريخ
942 _2ddc
_cBK
999 _c58870
_d58870